Modelovanie systému riadenia VHJ a podniku v podmienkach automatizácie riadenia čiastkova úloha ŠPEV 903-533-201-10

Salvato in:
Dettagli Bibliografici
Autore principale: Zalai, Karol
Altri autori: Leščišin, Michal, Sedlák, Mikuláš, Körmendy, Viliam, Kobyda, František, Konečný, Miloslav, Szilágyi, Mikuláš, Satková, Blanka, Ružička, Ervín, Stračár, Vladislav, Gálik, Rudolf
Natura: Libro
Lingua:slovacco
Pubblicazione: Bratislava VŠE 1982
Soggetti:
Tags: Aggiungi Tag
Nessun Tag, puoi essere il primo ad aggiungerne!!

MARC

LEADER 00000nam a2200000 4500
001 c110652
005 20260325103657.9
041 0 |a slo 
044 |a SK 
245 1 0 |a Modelovanie systému riadenia VHJ a podniku v podmienkach automatizácie riadenia  |b čiastkova úloha ŠPEV 903-533-201-10  |c riešitelia: Karol Zalai ... [et al.] ; vedúci riešiteľského pracoviska: Michal Leščišin 
264 1 |a Bratislava  |b VŠE  |c 1982 
300 |a 28 s. 
610 2 0 |a systémy riadenia 
610 2 0 |a modelovanie systémov riadiacich 
610 2 0 |a automatizácia riadenia 
610 2 0 |a riadenie podnikové 
610 2 0 |a jednotka hospodárska 
610 2 0 |a analýza korelačná 
610 2 0 |a analýza regresná 
610 2 0 |a združenia vedeckovýrobné 
610 2 0 |a systémy automatické 
610 2 0 |a modely 
100 1 |a Zalai, Karol 
700 1 |a Leščišin, Michal 
700 1 |a Sedlák, Mikuláš 
700 1 |a Körmendy, Viliam 
700 1 |a Kobyda, František 
700 1 |a Konečný, Miloslav 
700 1 |a Szilágyi, Mikuláš 
700 1 |a Satková, Blanka 
700 1 |a Ružička, Ervín 
700 1 |a Stračár, Vladislav 
700 1 |a Gálik, Rudolf